| 000 | 02694nam0a2200409 4500 | ||
|---|---|---|---|
| 001 | RU\NLR\BIBL_A\022313981 | ||
| 005 | 20241024093354.0 | ||
| 010 |
_a978-5-8038-1895-3 _9300 |
||
| 021 |
_aRU _bКН-П-24-043091 _9КН-П-24-4292 |
||
| 035 | _a(NLR Aleph) 022313981 | ||
| 090 |
_a13256059 _c13256059 |
||
| 100 | _a20240904d2023 k y0rusy50 ca | ||
| 101 | 0 | _arus | |
| 102 | _aRU | ||
| 105 | _aа|||z|||000yy | ||
| 181 | 0 |
_ai3 _baxxe |
|
| 182 | 0 | _an | |
| 200 | 1 |
_aИнновационные технологии и автоматизация переработки минерального и техногенного сырья _eсборник научных трудов _fМинистерство науки и высшего образования РФ, Иркутский национальный исследовательский технический университет _gответственные редакторы: Бельский С. С., канд. техн. наук, доцент, Бухарина А. В. |
|
| 203 |
_aТекст _bвизуальный _cнепосредственный |
||
| 210 |
_aИркутск _cИзд-во Иркутского национального исследовательского технического университета _d2023 |
||
| 215 |
_a160 с. _cил., табл. _d21 |
||
| 225 | 1 |
_aПриоритет 2030 _eлидерами становятся |
|
| 300 | _aНа обл. подзаг.: научные труды студентов, магистрантов, аспирантов и молодых ученых Института высоких технологий | ||
| 320 | _aБиблиогр. в конце ст. | ||
| 606 | 1 |
_aМинеральное сырье _jСборники _xПереработка _91674890 _3RU\NLR\AUTH\66743124 |
|
| 606 | 1 |
_aРуды _jСборники _xПереработка _91538579 _3RU\NLR\AUTH\66971890 |
|
| 606 | 1 |
_aТехногенное сырье _jСборники _92089554 _3RU\NLR\AUTH\661264859 |
|
| 686 | 1 | _aЛ20я43 | |
| 686 | 1 | _aИ41,3я43 | |
| 702 | 1 |
_aБельский _bС. С. _gСергей Сергеевич _4340 |
|
| 711 | 0 | 2 |
_aИркутский национальный исследовательский технический университет _bИнститут высоких технологий _9624572 _3RU\NLR\AUTH\880482012 |
| 712 | 0 | 2 |
_4475 _aИркутский национальный исследовательский технический университет _9478835 _3RU\NLR\AUTH\880406115 |
| 942 | _cBOOK | ||
| 980 | _aNB | ||